[Event "Avoine op 31st"]
[Site "Avoine"]
[Date "2016.07.24"]
[Round "2"]
[White "Frick, Christoph"]
[Black "Le Franc, Yves"]
[Result "1-0"]
[WhiteElo "2245"]
[BlackElo "1970"]
[PlyCount "81"]
[EventDate "2016.07.23"]
[EventType "swiss"]
[EventRounds "9"]
[EventCountry "FRA"]
[SourceTitle "CBM 173 Extra"]
[Source "ChessBase"]
[SourceDate "2016.08.29"]
[SourceVersion "1"]
[SourceVersionDate "2016.08.29"]
[SourceQuality "1"]

1. d4 d5 2. Bf4 Nf6 3. e3 Bf5 4. c4 Bxb1 5. Rxb1 c6 6. a3 e6 7. Nf3 Nbd7 8. h3 Be7 9. Bd3 dxc4 10. Bxc4 Nd5 11. Bh2 0-0 12. 0-0 N7b6 13. Bb3 Bd6 14. Ne5 f6 15. Nd3 Bxh2+ 16. Kxh2 Qd6+ 17. Kh1 Nd7 18. Rc1 Kh8 19. Qf3 Rae8 20. Rfd1 Nc7 21. Nf4 Nd5 22. Nd3 Nc7 23. Nc5 Nxc5 24. Rxc5 f5 25. Re5 Rf6 26. Bc2 Ref8 27. Rd2 Nd5 28. Re2 Ne7 29. b4 a6 30. e4 Qxd4 31. exf5 Nxf5 32. Rxe6 g6 33. R6e4 Qd6 34. Qc3 Ng7 35. Re7 R6f7 36. R7e6 Qd8 37. f3 Qg5 38. Bb3 Rd7 39. Re8 Qf4 40. g3 Qd6 41. R2e6 1-0

[Event "Avoine op 27th"]
[Site "Avoine"]
[Date "2012.07.24"]
[Round "4"]
[White "Safranska, Anda"]
[Black "Le Franc, Yves"]
[Result "1-0"]
[WhiteElo "2298"]
[BlackElo "1986"]
[PlyCount "75"]
[EventDate "2012.07.21"]
[EventType "swiss"]
[EventRounds "9"]
[EventCountry "FRA"]
[SourceTitle "CBM 149 Extra"]
[Source "ChessBase"]
[SourceDate "2012.08.24"]
[SourceVersion "1"]
[SourceVersionDate "2012.08.24"]
[SourceQuality "1"]

1. e4 c5 2. d3 g6 3. g3 Bg7 4. Bg2 d6 5. c3 Nc6 6. Nf3 e6 7. Bg5 Nge7 8. 0-0 h6 9. Be3 0-0 10. Na3 b6 11. Qd2 Kh7 12. d4 Ba6 13. Rfd1 c4 14. h4 d5 15. e5 Nf5 16. Bf4 b5 17. Nc2 Rb8 18. Kh2 Rh8 19. Rh1 h5 20. Ng5+ Kg8 21. b4 Bc8 22. a4 a6 23. Ra2 Qb6 24. axb5 axb5 25. Rha1 Bb7 26. Ne3 Nxe3 27. Qxe3 Ne7 28. Bh3 Nf5 29. Qd2 Bf8 30. Nf3 Be7 31. Bg5 Kf8 32. Ra7 Ke8 33. Bxf5 exf5 34. Bxe7 Kxe7 35. Qg5+ Kf8 36. Qf6 Qxf6 37. exf6 g5 38. Rxb7 1-0